[Event "Championnat de France 2022  Accession"]
[Site "ALBI"]
[Date "2022.08.14"]
[Round "2.6"]
[White "Girel, Joseph"]
[Black "Hutois, Mickael"]
[Result "1-0"]
[WhiteElo "2403"]
[BlackElo "2275"]
[PlyCount "63"]
[EventDate "2022.??.??"]

1. d4 {26} Nf6 {428} 2. c4 {39} e6 {7} 3. Nf3 {36} b6 {10} 4. g3 {30} Bb7 {5}
5. Bg2 {18} Bb4+ {5} 6. Bd2 {57} c5 {7} 7. Bxb4 {80} cxb4 {6} 8. O-O {86} a5 {8
} 9. Nbd2 {135} O-O {251} 10. a3 {270} Na6 {49} 11. Ne1 {171} Bxg2 {29} 12.
Nxg2 {63} d6 {244} 13. Ne3 {342} e5 {234} 14. dxe5 {377} dxe5 {42} 15. Qc2 {8}
Nc5 {265} 16. axb4 {260} axb4 {5} 17. Nb3 {47} Qe7 {330} 18. Nxc5 {454} Qxc5 {
169} 19. Rxa8 {377} Rxa8 {129} 20. Qd3 {125} e4 {400} 21. Qd2 {146} h5 {54} 22.
b3 {231} Ra7 {593} 23. Rd1 {264} Rd7 {179} 24. Qe1 {22} Rxd1 {11} 25. Qxd1 {5}
g6 {446} 26. h3 {187} Kg7 {160} 27. Qa1 {120} Qd6 {1292} 28. Nd5 {32} e3 {13}
29. f4 {262} Qe6 {197} 30. Qxf6+ {132} Qxf6 {115} 31. Nxf6 {6} Kxf6 {4} 32. Kg2
{5} 1-0

[Event "Championnat de France 2022  Accession"]
[Site "ALBI"]
[Date "2022.08.14"]
[Round "2.7"]
[White "Dalaud, Dorian"]
[Black "Ternault, Mathieu"]
[Result "1/2-1/2"]
[WhiteElo "2259"]
[BlackElo "2396"]
[PlyCount "94"]
[EventDate "2022.??.??"]

1. e4 {182} Nf6 {16} 2. e5 {129} Nd5 {9} 3. d4 {209} d6 {30} 4. Nf3 {5} dxe5 {4
} 5. Nxe5 {75} c6 {14} 6. c4 {230} Nb4 {52} 7. Nd3 {735} e5 {456} 8. dxe5 {497}
Bf5 {263} 9. Nxb4 {12} Qxd1+ {547} 10. Kxd1 {6} Bxb4 {3} 11. Bd2 {1115} Na6 {
388} 12. a3 {228} Be7 {261} 13. b4 {331} O-O-O {311} 14. Kc1 {169} Nc7 {443}
15. Be2 {464} Ne6 {141} 16. Nc3 {236} f6 {368} 17. Re1 {426} fxe5 {398} 18. Be3
{232} Nd4 {386} 19. Bd1 {16} h6 {995} 20. Ne2 {101} Bf6 {281} 21. Ra2 {153} Bd3
{216} 22. Nxd4 {48} exd4 {13} 23. Bf4 {64} Rde8 {153} 24. Rxe8+ {155} Rxe8 {2}
25. Bg4+ {39} Kd8 {5} 26. c5 {14} Bc4 {72} 27. Rd2 {57} Re4 {155} 28. g3 {27}
g5 {169} 29. Bd6 {9} d3 {15} 30. Bf3 {35} Re1+ {114} 31. Rd1 {2} Rxd1+ {37} 32.
Bxd1 {37} Bc3 {21} 33. Bf8 {35} h5 {37} 34. Bh6 {29} g4 {23} 35. Bd2 {32} Bd4 {
33} 36. f3 {22} Be6 {29} 37. Bg5+ {43} Kd7 {21} 38. Kd2 {24} Bf5 {25} 39. fxg4
{46} hxg4 {13} 40. Bb3 {52} Bb2 {64} 41. a4 {680} Ba3 {604} 42. Kc3 {10} a5 {12
} 43. bxa5 {65} Bxc5 {20} 44. Bc4 {19} Bg1 {62} 45. Bf4 {100} Bxh2 {52} 46. a6
{8} bxa6 {7} 47. Bxa6 {5} Bg1 {54} 1/2-1/2

[Event "Championnat de France 2022  Accession"]
[Site "ALBI"]
[Date "2022.08.14"]
[Round "2.8"]
[White "Droin, Augustin"]
[Black "Pucher, Sebastien"]
[Result "0-1"]
[WhiteElo "2392"]
[BlackElo "2256"]
[PlyCount "76"]
[EventDate "2022.??.??"]

1. e4 {4} Nf6 {28} 2. e5 {11} Nd5 {6} 3. d4 {5} d6 {10} 4. Nf3 {4} dxe5 {28} 5.
Nxe5 {6} g6 {40} 6. Nd2 {719} Bg7 {423} 7. Ndf3 {314} O-O {759} 8. Bc4 {231} e6
{233} 9. O-O {168} b6 {321} 10. Re1 {147} Bb7 {121} 11. Bb3 {646} Qc8 {2267}
12. Ng4 {879} Nd7 {305} 13. Bh6 {195} N5f6 {148} 14. Bxg7 {189} Kxg7 {2} 15.
Nfe5 {130} Nxe5 {214} 16. Rxe5 {185} Qd8 {303} 17. Nxf6 {351} Qxf6 {14} 18. Qe2
{15} Rad8 {316} 19. Qe3 {34} Rd6 {50} 20. c3 {166} Rfd8 {54} 21. h3 {488} c5 {
363} 22. dxc5 {29} Rd2 {40} 23. cxb6 {564} R8d3 {13} 24. Qe1 {3} Rxb2 {29} 25.
Rd1 {465} Rxd1 {35} 26. Bxd1 {39} Rb1 {115} 27. Re2 {36} axb6 28. Qd2 {40} Bd5
{39} 29. Re1 {32} Qf5 {2} 30. c4 {32} Bc6 {29} 31. Kh2 {75} Qf6 {60} 32. Qe3 {
24} Qa1 33. Re2 {131} Rxd1 {3} 34. Qxb6 {43} Rh1+ {12} 35. Kg3 {3} Qc3+ {15}
36. Re3 {29} Qxc4 {13} 37. Qb2+ {5} Kh6 {123} 38. Qa3 {11} Kg7 {22} 0-1

[Event "Championnat de France 2022  Accession"]
[Site "ALBI"]
[Date "2022.08.14"]
[Round "2.9"]
[White "Le Goff, Damien"]
[Black "Lucas, Arthur"]
[Result "0-1"]
[WhiteElo "2256"]
[BlackElo "2367"]
[PlyCount "43"]
[EventDate "2022.??.??"]

1. d4 {2} Nf6 {436} 2. c4 {14} g6 {5} 3. Nc3 {5} Bg7 {3} 4. e4 {7} d6 {4} 5.
Nf3 {16} O-O {8} 6. Be2 {11} e5 {19} 7. Be3 {14} Nbd7 {134} 8. O-O {34} Qe7 {41
} 9. Re1 {1210} c6 {147} 10. d5 {207} c5 {24} 11. Nd2 {275} Kh8 {109} 12. a3 {
1170} Ng8 {46} 13. f3 {248} f5 {864} 14. b4 b6 {128} 15. Nb3 {350} h5 {274} 16.
exf5 {89} gxf5 {144} 17. Rc1 {599} Bh6 {291} 18. Bxh6 {86} Nxh6 {97} 19. bxc5 {
172} bxc5 {441} 20. f4 {67} exf4 {719} 21. Nb5 {662} Ne5 {227} 22. Bxh5 {61}
0-1

[Event "Championnat de France 2022  Accession"]
[Site "ALBI"]
[Date "2022.08.14"]
[Round "2.10"]
[White "Cantin, Loic"]
[Black "Debray, Christopher"]
[Result "1/2-1/2"]
[WhiteElo "2228"]
[BlackElo "2360"]
[PlyCount "75"]
[EventDate "2022.??.??"]

1. e4 {29} c5 {144} 2. Nf3 {33} Nc6 {35} 3. Bb5 {45} g6 {7} 4. Bxc6 {98} bxc6 {
9} 5. O-O {128} Bg7 {14} 6. d3 {218} d6 {13} 7. h3 {91} e5 {56} 8. Nbd2 {657}
Ne7 {111} 9. a3 {67} a5 {17} 10. a4 {69} O-O {94} 11. Nc4 {59} f5 {201} 12. Bg5
{404} Be6 {1365} 13. exf5 {1036} Rxf5 {607} 14. Qd2 {1039} Rxf3 {586} 15. gxf3
{7} Bxh3 {8} 16. Rfe1 {106} Qf8 {66} 17. f4 {77} Nd5 {412} 18. Kh2 {577} h6 {
159} 19. Bh4 {148} Nxf4 {319} 20. Bg3 {30} Bg4 {224} 21. Bxf4 {209} exf4 {15}
22. f3 {41} Bxf3 {65} 23. Rf1 {18} Bd5 {281} 24. Qxf4 {51} Qxf4+ {316} 25. Rxf4
{4} Re8 {234} 26. Rf2 {140} Bd4 {203} 27. Rd2 {61} Bxc4 {323} 28. dxc4 {4} Bxb2
{11} 29. Rb1 {22} Be5+ {29} 30. Kh3 {140} Rf8 {50} 31. Rb7 {51} Rf3+ {197} 32.
Kg2 {17} Rg3+ {86} 33. Kf1 {38} Rg4 {64} 34. Rg2 {22} Rf4+ {49} 35. Rf2 {23}
Rxc4 {80} 36. Rb8+ {63} Kg7 {2} 37. Rb7+ {9} Kg8 38. Rb8+ {6} 1/2-1/2

[Event "Championnat de France 2022"]
[Site "ALBI"]
[Date "2022.08.15"]
[Round "3.1"]
[White "Decuigniere, Tom"]
[Black "Laurent-Paoli, Pierre"]
[Result "0-1"]
[WhiteElo "2341"]
[BlackElo "2298"]
[PlyCount "124"]
[EventDate "2022.??.??"]

1. d4 {3} Nf6 {41} 2. c4 {7} e6 {33} 3. Nc3 {23} Bb4 {6} 4. e3 {58} O-O {324}
5. Bd2 {15} c5 {23} 6. a3 {195} Bxc3 {97} 7. Bxc3 {6} Ne4 {4} 8. Rc1 {58} b6 {
57} 9. Nf3 {368} Bb7 {77} 10. Be2 {336} d6 {225} 11. O-O {232} Nxc3 {90} 12.
Rxc3 {12} Qe7 {7} 13. Ne1 {395} e5 {646} 14. d5 {88} e4 {302} 15. f3 {233} exf3
{374} 16. gxf3 {183} Nd7 {74} 17. Ng2 {46} Rae8 {35} 18. Bd3 {280} Ne5 {340}
19. f4 {316} Nxd3 {59} 20. Qxd3 {7} Bc8 {204} 21. Re1 {289} f5 {210} 22. Rf1 {
367} Qf6 {466} 23. a4 {471} Bd7 {33} 24. Ra1 {18} a6 {242} 25. Rc2 {93} Re4 {81
} 26. Qc3 {76} Qe7 {160} 27. b4 {140} b5 {333} 28. cxb5 {386} Rxb4 {6} 29. bxa6
{63} Bc8 {178} 30. Rb2 {109} Rxb2 {42} 31. Qxb2 {6} Bxa6 {2} 32. Qb3 {486} Qe4
{107} 33. Rc1 {179} h6 {211} 34. Kf2 {4} Re8 {224} 35. a5 {60} Bd3 {233} 36.
Rc3 {334} c4 {71} 37. Qb5 {5} g5 {101} 38. Rc1 {121} gxf4 {307} 39. Re1 {4} c3
{130} 40. Qd7 {91} Qe7 {304} 41. Qxe7 {768} Rxe7 {4} 42. Nxf4 {58} Be4 {4} 43.
Rc1 {811} c2 {30} 44. Ne2 {10} Ra7 {154} 45. Nc3 {8} Bd3 {5} 46. Ke1 {7} Rxa5 {
18} 47. Kd2 {3} Be4 {6} 48. Nxe4 {11} Rxd5+ {94} 49. Ke2 {8} fxe4 {5} 50. Rxc2
{2} Rh5 {77} 51. Kf1 {56} Kf7 {57} 52. Kg2 {79} Rg5+ {40} 53. Kf2 {4} Rf5+ {72}
54. Kg2 {5} Rf3 {63} 55. Rc3 {68} Ke6 {11} 56. Ra3 {19} h5 {52} 57. h3 {62} h4
{28} 58. Rb3 {3} d5 {24} 59. Ra3 {6} Kd6 {125} 60. Ra6+ {6} Kc5 {22} 61. Ra5+ {
2} Kc4 {9} 62. Ra4+ {2} Kb5 {135} 0-1

[Event "Championnat de France 2022"]
[Site "ALBI"]
[Date "2022.08.15"]
[Round "3.2"]
[White "Bournel, Antoine"]
[Black "Monroy, Charles"]
[Result "1-0"]
[WhiteElo "2322"]
[BlackElo "2407"]
[PlyCount "97"]
[EventDate "2022.??.??"]

1. d4 {21} Nf6 {8} 2. c4 {42} e6 {9} 3. Nf3 {44} d5 {24} 4. Nc3 {54} Bb4 {20}
5. cxd5 {242} exd5 {42} 6. Bg5 {28} h6 {38} 7. Bh4 {41} O-O {45} 8. e3 {29} Bf5
{44} 9. Be2 {110} Nbd7 {109} 10. Qb3 {45} Bxc3+ {53} 11. Qxc3 {21} c6 {110} 12.
Nd2 {39} Ne4 {114} 13. Bxd8 {43} Nxc3 {3} 14. bxc3 {20} Raxd8 {38} 15. Nf1 {639
} Rfe8 {577} 16. g4 {98} Bh7 {67} 17. h4 {577} c5 {368} 18. Ng3 {190} Re6 {286}
19. g5 {299} Rb6 {772} 20. Nh5 {231} hxg5 {846} 21. hxg5 {83} Rb2 {138} 22. Nf4
{127} Nb6 {277} 23. a4 {1444} Bc2 {804} 24. Bf3 {426} Be4 {91} 25. Bxe4 {71}
dxe4 {11} 26. g6 {350} Nd5 {588} 27. O-O-O {112} Nxf4 {312} 28. gxf7+ {43} Kxf7
{1} 29. Kxb2 {8} Nd3+ {11} 30. Kb3 {98} Rd6 {13} 31. dxc5 {107} Nxc5+ {80} 32.
Kc2 {143} Rf6 {42} 33. Rhf1 {22} Ke6 {155} 34. Rd8 {108} Nxa4 {88} 35. Re8+ {16
} Kd5 {25} 36. Rd1+ {89} Kc6 {45} 37. Rd2 {216} Nc5 {31} 38. c4 {28} a5 {159}
39. Kc3 {87} b6 {80} 40. Rg8 {119} g6 {30} 41. Rdd8 {418} Rxf2 {334} 42. Rxg6+
{55} Kc7 {23} 43. Rh8 {152} Rf7 {282} 44. Rhg8 {57} Rf1 {274} 45. R8g7+ {25}
Kc8 {126} 46. Rc6+ {159} Kd8 {4} 47. Rh6 {27} Rf8 {274} 48. Kd4 {78} Re8 {129}
49. Ra7 {172} 1-0

[Event "Championnat de France 2022"]
[Site "ALBI"]
[Date "2022.08.15"]
[Round "3.3"]
[White "Flom, Gabriel"]
[Black "Dudognon, Thibault"]
[Result "1-0"]
[WhiteElo "2406"]
[BlackElo "2346"]
[PlyCount "57"]
[EventDate "2022.??.??"]

1. d4 {2} d5 {427} 2. c4 {15} c6 {51} 3. Nc3 {4} Nf6 {6} 4. Nf3 {3} e6 {4} 5.
Bg5 {4} dxc4 {4} 6. e4 {17} b5 {4} 7. e5 {6} h6 {5} 8. Bh4 {3} g5 {3} 9. Nxg5 {
17} hxg5 10. Bxg5 {8} Nbd7 {5} 11. exf6 {14} Bb7 {5} 12. h4 {46} Qa5 {56} 13.
a4 {677} b4 {85} 14. Ne4 {391} c5 {769} 15. Nxc5 {784} Bxc5 {644} 16. dxc5 {4}
Qxc5 {8} 17. Rc1 {728} Bd5 {213} 18. Be3 {407} Qc6 {151} 19. Qg4 {122} Qxa4 {
832} 20. Bxc4 {151} b3 {413} 21. Qg7 {214} Rf8 {745} 22. Bxd5 {36} Qa5+ {14}
23. Rc3 {162} Qxd5 {32} 24. O-O {23} Qf5 {452} 25. Rfc1 {183} Rd8 {87} 26. Bc5
{107} Nxc5 {86} 27. Rxc5 {2} Rd1+ {79} 28. Rxd1 {4} Qxc5 {3} 29. Qg3 {47} 1-0

[Event "Championnat de France 2022"]
[Site "ALBI"]
[Date "2022.08.15"]
[Round "3.4"]
[White "Pucher, Sebastien"]
[Black "Girel, Joseph"]
[Result "0-1"]
[WhiteElo "2256"]
[BlackElo "2403"]
[PlyCount "169"]
[EventDate "2022.??.??"]

1. e4 {5} e5 {54} 2. Nf3 {25} Nc6 {20} 3. Bc4 {42} Bc5 {41} 4. c3 {40} Nf6 {12}
5. d3 {36} O-O {33} 6. Nbd2 {199} d5 7. exd5 {8} Nxd5 {477} 8. Ne4 {96} Be7 {14
} 9. O-O {315} Nb6 {85} 10. Bb5 Qd5 {790} 11. Qb3 f6 {1365} 12. Qxd5+ Nxd5 13.
h3 {1678} Rd8 {777} 14. Re1 Kf7 {610} 15. Be3 Nxe3 {1138} 16. fxe3 {379} Be6
17. d4 Bd5 {233} 18. Ned2 {125} exd4 {159} 19. exd4 {197} Bd6 {204} 20. Kf2 {31
} Ne7 {149} 21. Bc4 {286} c6 {115} 22. Bd3 {175} c5 {199} 23. Bc4 {209} cxd4 {
132} 24. cxd4 {57} Bf4 {141} 25. Bxd5+ {29} Nxd5 {45} 26. a3 {31} Ne7 {162} 27.
Re4 {32} Bxd2 {373} 28. Nxd2 {1} Rac8 {16} 29. Nf3 {46} Nf5 {18} 30. Rd1 {40}
Rc2+ {190} 31. Re2 {16} Rdc8 {60} 32. d5 {50} Rxe2+ 33. Kxe2 Re8+ {91} 34. Kf2
{36} Rd8 {1} 35. Rc1 {47} Rd7 {13} 36. Rc8 {35} Ne7 {41} 37. Rb8 {30} Nxd5 {22}
38. Nd4 {14} Ne7 {111} 39. Nb3 {37} Nc6 {61} 40. Rc8 {20} Ne7 {112} 41. Rb8 {
308} b6 {70} 42. Ke3 {434} Nd5+ {392} 43. Ke4 {63} Ne7 {122} 44. Ke3 {305} Ke6
{134} 45. Re8 {197} Kd5 {153} 46. Nd2 {403} Nc6 {123} 47. Rc8 {48} Ne5 {88} 48.
b3 {79} Ke6 {122} 49. Rc3 {184} g5 {162} 50. a4 {54} h6 {176} 51. Ke2 {73} f5 {
55} 52. Rc8 {29} Ng6 {35} 53. Nc4 {32} Nf4+ {264} 54. Kf2 {1} h5 {170} 55. Re8+
{55} Kf7 {64} 56. Ra8 {31} Re7 {47} 57. Kf3 {31} Nd3 {97} 58. a5 {23} bxa5 {166
} 59. Nxa5 {22} Ne5+ {269} 60. Kf2 {20} f4 {55} 61. Nc4 {10} Nxc4 {65} 62. bxc4
g4 {13} 63. Rh8 {104} Kg6 {4} 64. Rf8 {29} Kg5 {44} 65. hxg4 {35} hxg4 {4} 66.
c5 {29} g3+ {29} 67. Kf1 {8} Rc7 {32} 68. Rg8+ {34} Kf5 {11} 69. Rh8 {44} Ke4 {
69} 70. Re8+ {10} Kd4 {48} 71. Rf8 {35} Ke4 {45} 72. Re8+ {13} Kd5 {24} 73. Rf8
{61} Rxc5 {46} 74. Rxf4 {8} a5 {25} 75. Ke2 {60} Rc2+ {18} 76. Ke3 {24} Kc5 {22
} 77. Ra4 {37} Kb5 {12} 78. Ra1 {8} Rxg2 {31} 79. Kf3 {13} Rb2 {26} 80. Kxg3 {6
} a4 {10} 81. Kf3 {14} Kb4 {9} 82. Rh1 {97} a3 {10} 83. Rh4+ {41} Kb3 {6} 84.
Rh8 {12} a2 {6} 85. Ke4 {72} 0-1

[Event "Championnat de France 2022"]
[Site "ALBI"]
[Date "2022.08.15"]
[Round "3.5"]
[White "Lucas, Arthur"]
[Black "Bujisho, Benjamin"]
[Result "1/2-1/2"]
[WhiteElo "2367"]
[BlackElo "2315"]
[PlyCount "76"]
[EventDate "2022.??.??"]

1. e4 {78} c6 {173} 2. Nc3 {44} d5 {20} 3. Nf3 {15} Bg4 {94} 4. h3 {6} Bxf3 {10
} 5. Qxf3 {6} e6 {103} 6. g3 {108} Nf6 {13} 7. Bg2 {33} dxe4 {22} 8. Nxe4 {9}
Nxe4 {5} 9. Qxe4 {5} Qd5 {13} 10. O-O {140} Qxe4 {51} 11. Bxe4 {2} Nd7 {206}
12. d4 {226} Be7 {523} 13. c4 {976} O-O {110} 14. Be3 {216} Rfd8 {534} 15. Rad1
{166} Nb6 {305} 16. b3 {141} Rd7 {151} 17. Rd3 {985} Rad8 {262} 18. Rfd1 {33}
f5 {431} 19. Bf3 {618} e5 {81} 20. Be2 {2} e4 {277} 21. R3d2 {163} Bb4 {51} 22.
Rc2 {47} Bc5 {162} 23. Rcd2 {31} Bb4 {10} 24. Rc2 {6} Bc5 {4} 25. Bg5 {502} Be7
{7} 26. Bxe7 {283} Rxe7 {2} 27. f3 {18} Nc8 {395} 28. fxe4 {282} Rxe4 {292} 29.
Rcd2 {426} Ree8 {379} 30. Bf3 {269} Nd6 {220} 31. c5 {264} Ne4 {188} 32. Bxe4 {
98} fxe4 {124} 33. Re1 {184} e3 {361} 34. Rd3 {15} Kf7 {55} 35. Kf1 {117} Re4 {
40} 36. Rexe3 {26} Rxe3 {16} 37. Rxe3 {1} Rxd4 {20} 38. Ke2 {2} Rd5 {82}
1/2-1/2

[Event "Championnat de France 2022"]
[Site "ALBI"]
[Date "2022.08.15"]
[Round "3.6"]
[White "Bouvet, Florian"]
[Black "Lamard, Guillaume"]
[Result "0-1"]
[WhiteElo "2213"]
[BlackElo "2512"]
[PlyCount "86"]
[EventDate "2022.??.??"]

1. d4 {4} Nf6 {8} 2. Nf3 {3} g6 {234} 3. Bf4 {6} Bg7 {10} 4. c3 {53} O-O {31}
5. h3 {98} d6 {212} 6. e3 {57} c5 {21} 7. dxc5 {81} dxc5 {6} 8. Qxd8 {6} Rxd8 {
3} 9. Bc7 {242} Rf8 {488} 10. Nbd2 {193} Nc6 {144} 11. Bb5 {570} Bd7 {115} 12.
Be2 {164} Nd5 {513} 13. Bg3 {97} Nb6 {277} 14. Nb3 {602} Na4 {294} 15. O-O-O {
46} Be8 {378} 16. Bb5 {210} Nd8 {270} 17. Bxe8 {684} Rxe8 {4} 18. Rd7 {335} b5
{333} 19. Be5 {105} c4 {582} 20. Bxg7 {144} Kxg7 {18} 21. Na5 {117} a6 {217}
22. Kc2 {306} Ne6 {197} 23. Rhd1 {596} Nac5 {27} 24. R7d2 {24} Ne4 {107} 25.
Re2 {51} Rac8 {125} 26. Ne1 {186} N6c5 {128} 27. f3 {236} Ng3 {22} 28. Rf2 {30}
e5 {91} 29. b3 {162} cxb3+ {17} 30. axb3 {5} e4 {27} 31. f4 {4} h5 {64} 32. c4
{35} h4 {213} 33. Rd5 {210} Nf5 {115} 34. Re2 {12} Red8 {224} 35. Nc6 {123}
Rxd5 {67} 36. cxd5 {3} Nd7 {31} 37. Kb2 {187} Nb6 {29} 38. Nc2 {74} Nxd5 {19}
39. N6b4 {22} Nc3 {263} 40. Rd2 {25} a5 {9} 41. Na2 {145} b4 {31} 42. Nc1 {39}
Rc5 {80} 43. Rd7 {75} Rd5 {48} 0-1

[Event "Championnat de France 2022"]
[Site "ALBI"]
[Date "2022.08.15"]
[Round "3.7"]
[White "Boyer, Mahel"]
[Black "Macon, Arthur"]
[Result "1-0"]
[WhiteElo "2432"]
[BlackElo "2323"]
[PlyCount "49"]
[EventDate "2022.??.??"]

1. e4 {114} c6 {18} 2. Nf3 {60} d5 {10} 3. e5 {5} Bg4 {228} 4. Be2 {272} e6 {
101} 5. O-O {506} c5 {268} 6. c4 {85} Nc6 {805} 7. cxd5 {200} exd5 {331} 8. d4
{66} Bxf3 {307} 9. Bxf3 {7} Nxd4 {163} 10. Nc3 {39} Ne7 {276} 11. Bg5 {115} Qd7
{135} 12. Bxe7 {432} Bxe7 {41} 13. Bxd5 {93} Rd8 {258} 14. Qd3 {118} O-O {345}
15. Rad1 {194} Qc7 {369} 16. f4 {45} b5 {385} 17. Be4 {132} g6 {420} 18. Nd5 {
169} Qd7 {6} 19. f5 {312} gxf5 {74} 20. Rxf5 {26} Qe6 {381} 21. Qh3 {418} Kh8 {
557} 22. Nxe7 {603} Ne2+ {136} 23. Kf2 {15} Rxd1 {60} 24. Qxh7+ {10} Kxh7 {6}
25. Rh5+ {3} 1-0

[Event "Championnat de France 2022"]
[Site "ALBI"]
[Date "2022.08.15"]
[Round "3.8"]
[White "Giroyan, Gary"]
[Black "Mathieu, Phileas"]
[Result "1-0"]
[WhiteElo "2412"]
[BlackElo "2320"]
[PlyCount "137"]
[EventDate "2022.??.??"]

1. d4 {4} Nf6 {5} 2. c4 {5} e6 {3} 3. Nc3 {12} Bb4 {2} 4. e3 {33} O-O {7} 5.
Bd2 {99} b6 {603} 6. Nf3 {24} Bb7 {18} 7. Bd3 {13} d6 {239} 8. O-O {65} Nbd7 {
213} 9. a3 {185} Bxc3 {49} 10. Bxc3 {2} Ne4 {201} 11. Be1 {4} f5 {100} 12. Nd2
{29} Nxd2 {685} 13. Qxd2 {28} Qe7 {11} 14. f3 {44} e5 {28} 15. Bc2 {98} Rae8 {
495} 16. Ba4 Rf7 {931} 17. Bg3 Rd8 {1508} 18. Rfd1 e4 {1349} 19. f4 d5 {92} 20.
Rac1 dxc4 21. Rxc4 {475} Nf8 {253} 22. Bc6 {566} Bxc6 {90} 23. Rxc6 Rd6 {92}
24. Rdc1 {91} Qd7 {158} 25. Rxc7 {639} Qxc7 {5} 26. Rxc7 Rxc7 27. Qb4 {147}
Rcd7 {133} 28. Be1 {49} Ne6 {135} 29. Qb5 {4} g6 {124} 30. Bb4 {120} Rd5 {12}
31. Qc6 {4} Kf7 {16} 32. a4 h5 {937} 33. h3 Nd8 {288} 34. Qc8 Ne6 {54} 35. Kh2
Rc7 {161} 36. Qa6 Nd8 {253} 37. a5 bxa5 {222} 38. Bxa5 Rcd7 {2} 39. Bxd8 Rxd8 {
33} 40. Qxa7+ R5d7 {55} 41. Qc5 Rb8 {251} 42. b4 h4 {557} 43. b5 Rdb7 {193} 44.
Qd5+ {223} Kg7 45. Qe5+ Kh6 46. Qf6 Rxb5 47. Qxh4+ Kg7 48. Qe7+ {459} Kh6 49.
g4 R8b7 {171} 50. g5+ Kh5 51. Qf8 Rh7 52. Qg8 Rbb7 53. Kg3 Rhc7 54. Qa2 Rb2 55.
Qxb2 Rc2 56. Qb3 Re2 57. Qg8 Rxe3+ 58. Kg2 Rg3+ 59. Kf2 Rf3+ 60. Ke2 Rxf4 {303}
61. d5 Rh4 {60} 62. d6 Rxh3 63. Qh7+ {157} Kg4 {2} 64. Qxh3+ {5} Kxh3 {4} 65.
d7 {2} Kg2 {15} 66. d8=Q {2} f4 {5} 67. Qf6 {7} f3+ {17} 68. Ke3 {1} Kh1 {47}
69. Kxe4 {192} 1-0

[Event "Championnat de France 2022"]
[Site "ALBI"]
[Date "2022.08.15"]
[Round "3.9"]
[White "Ternault, Mathieu"]
[Black "Makkar, Rajat"]
[Result "0-1"]
[WhiteElo "2396"]
[BlackElo "2300"]
[PlyCount "88"]
[EventDate "2022.??.??"]

1. Nf3 {471} d5 {35} 2. e3 {14} Nf6 {9} 3. c4 {6} e6 {6} 4. Nc3 {11} c6 {9} 5.
b3 {60} Bd6 {21} 6. Bb2 {15} O-O {17} 7. d4 {59} Nbd7 {8} 8. Bd3 {10} Re8 {14}
9. h3 {27} dxc4 {5} 10. bxc4 {121} e5 {4} 11. Be2 {52} exd4 {6} 12. Nxd4 {443}
Nc5 {560} 13. Nb3 {1502} Bf5 {645} 14. g4 {460} Be4 {274} 15. Rg1 {218} Qc7 {
1224} 16. g5 {425} Nfd7 {80} 17. Nxc5 {259} Nxc5 {54} 18. Qd4 {651} Bf8 {346}
19. Nxe4 {51} Nxe4 {17} 20. O-O-O {152} Qa5 {237} 21. c5 {349} Nxf2 {488} 22.
Kb1 {410} Re4 {385} 23. Qd2 {131} Qxd2 {121} 24. Rxd2 {1} Bxc5 {24} 25. Rf1 {
178} Nxh3 {219} 26. g6 hxg6 {28} 27. Bd1 {68} Rae8 {456} 28. Rh2 {64} Ng5 {52}
29. Rg2 {51} Ne6 {76} 30. Bb3 {30} Bxe3 {94} 31. Bc2 {29} Rf4 {132} 32. Rh1 {30
} Rf2 {96} 33. Rg3 {26} Bh6 {20} 34. Rgh3 {37} Nf4 {44} 35. Rb3 {19} Rfe2 {56}
36. Bc3 {43} Nd5 {24} 37. Bd1 {30} Nxc3+ {30} 38. Rxc3 {1} Re1 {10} 39. Rxe1 {9
} Rxe1 {4} 40. Rd3 {10} Bg5 {181} 41. Kb2 {273} Bf6+ {70} 42. Ka3 {53} g5 {30}
43. Bc2 {12} g6 {10} 44. Bb3 {20} g4 {36} 0-1

[Event "Championnat de France 2022"]
[Site "ALBI"]
[Date "2022.08.15"]
[Round "3.10"]
[White "Di Nicolantonio, Lucas"]
[Black "Cotonnec, Melkior"]
[Result "1/2-1/2"]
[WhiteElo "2387"]
[BlackElo "2269"]
[PlyCount "57"]
[EventDate "2022.??.??"]

1. Nf3 {9} d5 {75} 2. e3 {29} Nf6 {249} 3. c4 {35} e6 {182} 4. Nc3 {50} c5 {357
} 5. cxd5 {50} Nxd5 {74} 6. d4 {216} Nc6 {133} 7. Bd3 {233} Be7 {97} 8. O-O {31
} O-O {305} 9. Re1 {378} Nxc3 {860} 10. bxc3 {22} b6 {26} 11. Bb2 {690} Bb7 {85
} 12. e4 {131} Na5 {1137} 13. Qe2 {1024} Rc8 {302} 14. Rad1 {179} Re8 {433} 15.
Bb5 {787} Bc6 {27} 16. d5 {1194} exd5 {204} 17. exd5 {10} Bf8 {269} 18. Qf1 {
740} Rxe1 {359} 19. Nxe1 {3} Bxb5 {232} 20. Qxb5 {4} Bd6 {8} 21. Nf3 {45} Qe8 {
204} 22. Qa6 {18} Rc7 {5} 23. Re1 {40} Re7 {24} 24. Rxe7 {29} Qxe7 {2} 25. Qc8+
{35} Qf8 {1} 26. Qd7 {55} Qe7 {4} 27. Qc8+ {4} Qf8 {7} 28. Qd7 {3} Qe7 {38} 29.
Qc8+ {150} 1/2-1/2

[Event "Championnat de France 2022"]
[Site "ALBI"]
[Date "2022.08.16"]
[Round "4.1"]
[White "Laurent-Paoli, Pierre"]
[Black "Bournel, Antoine"]
[Result "1-0"]
[WhiteElo "2298"]
[BlackElo "2322"]
[PlyCount "91"]
[EventDate "2022.??.??"]

1. e4 {139} c6 {22} 2. d4 {10} d5 {22} 3. e5 {41} Bf5 {27} 4. h4 {63} h5 {24}
5. c4 {287} e6 {93} 6. Nc3 {8} Nd7 {355} 7. cxd5 {35} cxd5 {80} 8. Bd3 {12}
Bxd3 {76} 9. Qxd3 {19} Ne7 {738} 10. Nf3 {5} Nb8 {110} 11. Bg5 {528} Qd7 {135}
12. O-O {673} Nbc6 {46} 13. Ne2 {1156} Ng6 {112} 14. Rac1 {84} Be7 {66} 15. g3
{206} O-O-O {517} 16. Bd2 {171} Kb8 {112} 17. b4 {351} Nxb4 {133} 18. Bxb4 {291
} Bxb4 {50} 19. Rb1 {5} Be7 {274} 20. Rb5 {184} Rc8 {143} 21. Rfb1 {6} Rc7 {44}
22. Nd2 {113} Ka8 {176} 23. Qf3 {391} Qe8 {509} 24. Nc3 {371} Qc6 {409} 25.
R5b3 {231} f5 {592} 26. Nb5 {46} Rcc8 {62} 27. Rc3 {127} Qd7 {26} 28. Rxc8+ {25
} Qxc8 {139} 29. Nb3 {144} Qc4 {165} 30. Nd6 {206} Bxd6 {162} 31. exd6 {2} Qb4
{100} 32. d7 {96} Qd6 {70} 33. Qe2 {120} b6 {173} 34. Qb5 {34} Rd8 {76} 35. Nc5
{14} Nf8 {195} 36. Qa6 {62} Rxd7 {208} 37. Qc8+ {85} Qb8 {2} 38. Qc6+ {4} Rb7 {
7} 39. Nxb7 {86} Qxb7 40. Qe8+ {8} Qb8 {3} 41. Qc6+ {9} Qb7 {67} 42. Qe8+ {47}
Qb8 {1} 43. Qxh5 {290} Nd7 {87} 44. Qf7 {108} Qd6 {56} 45. Qxg7 {50} e5 {44}
46. h5 {24} 1-0